000 00468nam a2200181Ia 4500
008 090123s9999 xx 000 0 und d
082 _b36873
100 _aSHARMA ROBIN
245 _aTHE MONK WHO SOLD HIS FERRARI
250 _a0
260 _b"JAICO PUBLISHING HOUSE,MUMBAI"
_c2004
300 _a196
600 _aSHARMA ROBIN
630 _aTHE MONK WHO SOLD HIS FERRARI
700 _aSHARMA ROBIN
730 _aTHE MONK WHO SOLD HIS FERRARI
942 _cBOOK
999 _c74941
_d74941